000 01044nam a2200253 4500
005 20240530110427.0
008 150326s2010 su g b 000 0 ara d
017 _a1431/2821
_bالسعودية . مكتبة الملك فهد
020 _a9786035030168
040 _aEG-CaGPL
082 0 4 _221
_a254.19\
_bس ز
100 0 _aسهيلة زين العابدين حماد
245 1 0 _aزواج المسيار :
_bهل تنطبق عليه احكام الزواج والطلاق والخلع والتعدد فى الاسلام ؟ /
_cتاليف سهيلة زين العابدين حماد
250 _aالاولى
260 _aالرياض :
_bالعبيكان للنشر ،
_c2010 .
300 _a191 ص ؛
_c22 سم
504 _aببليوجرافية : ص 185 - 191
650 0 4 _aزواج المسيار
650 0 4 _aالزواج العرفى
650 0 4 _aالزواج ( الشريعة الاسلامية )
650 0 4 _aزواج المسيار
_xشروط
942 _2ddc
_cBK
999 _c60778
_d60778